Statistics for Taylor Swift (debut)-tracklist

Click here to take the quiz!

General Stats

  • This quiz has been taken 50 times
  • The average score is 11 of 14

Answer Stats

Song% Correct
11Our Song
100%
1Tim Mcgraw
100%
2Picture To Burn
93%
3Teardrops On My Guitar
93%
5Cold As You
86%
9Should've Said No
86%
7Tied Together With A Smile
82%
13Invisible
79%
8Stay Beautiful
75%
14A Perfectly Good Heart
71%
12I'm Only Me When I'm With You
68%
4A Place In This World
64%
6The Outside
64%
10Mary's Song (my, my, my)
29%

Score Distribution

Percentile by Number Answered

Percent of People with Each Score

Your Score History

You have not taken this quiz